<?xml version="1.0" encoding="UTF-8"?>
<record
    xmlns:xsi="http://www.w3.org/2001/XMLSchema-instance"
    xsi:schemaLocation="http://www.loc.gov/MARC21/slim http://www.loc.gov/standards/marcxml/schema/MARC21slim.xsd"
    xmlns="http://www.loc.gov/MARC21/slim">

  <leader>01088nam a2200265 a 4500</leader>
  <controlfield tag="001">52780</controlfield>
  <controlfield tag="003">BD-RjUL</controlfield>
  <controlfield tag="005">20211209075847.0</controlfield>
  <controlfield tag="008">160927r20972003bg a||||  ||| 000 0 ben d</controlfield>
  <datafield tag="020" ind1=" " ind2=" ">
    <subfield code="a">9848214232 </subfield>
    <subfield code="c">: Tk. 200.00</subfield>
  </datafield>
  <datafield tag="035" ind1=" " ind2=" ">
    <subfield code="a">(BD-RjUL)52900</subfield>
  </datafield>
  <datafield tag="040" ind1=" " ind2=" ">
    <subfield code="a">BD-RjUL</subfield>
    <subfield code="b">ben</subfield>
    <subfield code="c">BD-RjUL</subfield>
    <subfield code="d">BD-RjUL</subfield>
  </datafield>
  <datafield tag="041" ind1=" " ind2=" ">
    <subfield code="a">ben</subfield>
  </datafield>
  <datafield tag="082" ind1=" " ind2=" ">
    <subfield code="2">23</subfield>
    <subfield code="a">571.6</subfield>
    <subfield code="b">SAC 2007</subfield>
  </datafield>
  <datafield tag="100" ind1="1" ind2=" ">
    <subfield code="a">&#x9B8;&#x9BE;&#x9A8;&#x9BE;&#x989;&#x9B2;&#x9CD;&#x9B2;&#x9BE;&#x9B9;, &#x9AE;&#x9CB;.</subfield>
    <subfield code="9">157829</subfield>
  </datafield>
  <datafield tag="245" ind1="1" ind2="0">
    <subfield code="a">&#x9B8;&#x9BE;&#x987;&#x99F;&#x9CB;&#x9B2;&#x99C;&#x9BF; &#x993; &#x9B8;&#x9BE;&#x987;&#x99F;&#x9CB;&#x99C;&#x9C7;&#x9A8;&#x9C7;&#x99F;&#x9BF;&#x995;&#x9CD;&#x9B8; /</subfield>
    <subfield code="c">&#x9AE;&#x9CB;. &#x9B8;&#x9BE;&#x9A8;&#x9BE;&#x989;&#x9B2;&#x9CD;&#x9B2;&#x9BE;&#x9B9; &#x993; &#x9A4;&#x9BE;&#x9AA;&#x9B8; &#x995;&#x9C1;&#x9AE;&#x9BE;&#x9B0; &#x9B8;&#x9BE;&#x9B9;&#x9BE;</subfield>
  </datafield>
  <datafield tag="260" ind1=" " ind2=" ">
    <subfield code="a">&#x9B0;&#x9BE;&#x99C;&#x9B6;&#x9BE;&#x9B9;&#x9C0; :</subfield>
    <subfield code="b">&#x987;&#x989;&#x9B0;&#x9C7;&#x995;&#x9BE; &#x9AC;&#x9C1;&#x995; &#x98F;&#x99C;&#x9C7;&#x9A8;&#x9CD;&#x9B8;&#x9C0;,</subfield>
    <subfield code="c">&#x9E8;&#x9E6;&#x9E6;&#x9E9; [&#x9AA;&#x9C1;&#x9A8;. &#x9AE;&#x9C1;&#x9A6;&#x9CD;&#x9B0;&#x9A8; &#x9E8;&#x9E6;&#x9E6;&#x9ED;]</subfield>
  </datafield>
  <datafield tag="300" ind1=" " ind2=" ">
    <subfield code="a">[&#x9E7;&#x9E6;] &#x9E9;&#x9EE;&#x9EA; &#x9AA;&#x9C3;. :</subfield>
    <subfield code="b">&#x99A;&#x9BF;&#x9A4;&#x9CD;&#x9B0;.</subfield>
    <subfield code="c">&#x9E8;&#x9E6; &#x9B8;&#x9C7;&#x9AE;&#x9BF;.</subfield>
  </datafield>
  <datafield tag="650" ind1=" " ind2=" ">
    <subfield code="a">&#x9B8;&#x9BE;&#x987;&#x99F;&#x9CB;&#x9B2;&#x99C;&#x9BF; </subfield>
    <subfield code="9">157830</subfield>
  </datafield>
  <datafield tag="650" ind1=" " ind2=" ">
    <subfield code="a">&#x99C;&#x9C7;&#x9A8;&#x9C7;&#x99F;&#x9BF;&#x995;&#x9CD;&#x9B8;</subfield>
    <subfield code="9">157831</subfield>
  </datafield>
  <datafield tag="650" ind1=" " ind2=" ">
    <subfield code="a">Cytology</subfield>
    <subfield code="9">116684</subfield>
  </datafield>
  <datafield tag="650" ind1=" " ind2=" ">
    <subfield code="a">Genetics</subfield>
    <subfield code="9">157832</subfield>
  </datafield>
  <datafield tag="700" ind1=" " ind2=" ">
    <subfield code="a">&#x9B8;&#x9BE;&#x9B9;&#x9BE;, &#x9A4;&#x9BE;&#x9AA;&#x9B8; &#x995;&#x9C1;&#x9AE;&#x9BE;&#x9B0; </subfield>
    <subfield code="9">157833</subfield>
  </datafield>
  <datafield tag="942" ind1=" " ind2=" ">
    <subfield code="2">ddc</subfield>
    <subfield code="c">BK</subfield>
  </datafield>
  <datafield tag="999" ind1=" " ind2=" ">
    <subfield code="c">52780</subfield>
    <subfield code="d">52780</subfield>
  </datafield>
  <datafield tag="952" ind1=" " ind2=" ">
    <subfield code="0">0</subfield>
    <subfield code="1">0</subfield>
    <subfield code="2">ddc</subfield>
    <subfield code="4">0</subfield>
    <subfield code="7">0</subfield>
    <subfield code="8">NFIC</subfield>
    <subfield code="a">RUCL</subfield>
    <subfield code="b">RUCL</subfield>
    <subfield code="c">Stack</subfield>
    <subfield code="d">2009-03-19</subfield>
    <subfield code="e">Ananno, Dhaka</subfield>
    <subfield code="g">200.00</subfield>
    <subfield code="l">1</subfield>
    <subfield code="o">B 571.6 SAC 2007</subfield>
    <subfield code="r">2023-06-06 00:00:00</subfield>
    <subfield code="s">2023-05-29</subfield>
    <subfield code="t">C-2</subfield>
    <subfield code="w">2016-09-27</subfield>
    <subfield code="y">BK</subfield>
  </datafield>
  <datafield tag="952" ind1=" " ind2=" ">
    <subfield code="0">0</subfield>
    <subfield code="1">0</subfield>
    <subfield code="2">ddc</subfield>
    <subfield code="4">0</subfield>
    <subfield code="7">1</subfield>
    <subfield code="8">NFIC</subfield>
    <subfield code="a">RUCL</subfield>
    <subfield code="b">RUCL</subfield>
    <subfield code="c">Reading</subfield>
    <subfield code="d">2009-03-19</subfield>
    <subfield code="e">Dhaka, Anonna</subfield>
    <subfield code="g">200.00</subfield>
    <subfield code="l">0</subfield>
    <subfield code="o">B 571.6 SAC 2007</subfield>
    <subfield code="r">2017-04-22 00:00:00</subfield>
    <subfield code="t">C-1</subfield>
    <subfield code="w">2017-04-22</subfield>
    <subfield code="y">BK</subfield>
  </datafield>
</record>
